Größte Städte der Slowakei - Statistiken

Allgemein
  • Dieses Quiz wurde 48 mal gespielt
  • Das Durchschnittsergebnis liegt bei 5 aus 10
Antwortstatistiken
Bevölkerung Stadt % Korrekt
476.922 Bratislava
100%
225.044 Košice
83%
62.955 Trnava
54%
80.634 Žilina
51%
76.951 Nitra
49%
74.065 Banská Bystrica
46%
54.065 Trenčin
43%
82.286 Prešov
37%
48.741 Poprad
34%
50.629 Martin
26%
Keine übereinstimmenden Quizze gefunden
Verteilung der Resultate
Anzahl Personen mit jedem Resultat
Perzentil nach korrekt beantworteten Fragen
Ihre Resultats-Entwicklung
Sie haben dieses Quiz noch nicht gespielt